000 00675nam a22002177a 4500
003 OSt
005 20251104035028.0
008 251104b |||||||| |||| 00| 0 eng d
020 _a978-621-405-169-4
040 _aDWCL - Main Lib
_cOC
082 _22nd
_aFil. 510 M426 2017
_bc1
100 _aPascacio, Arlene A.
245 _aMath ideas and life applications /
_cArlene A. Pascacio
260 _aQuezon city, Manila :
_bAbiva Publishing,
_cc2017
300 _aiv, 543 pages :
_bcolored illustrations ;
_c25 cm.
504 _aI.Includes glossary
504 _aII.Index
504 _aIII.Bibliography
650 _21.Mathematics
942 _2ddc
_cBK - FIL
_e2nd
_mFil.
_n0
999 _c5425
_d5425